000
00225nam a22000977a 4500
003
OSt
008
210113b ||||| |||| 00| 0 eng d
100
_a
Narayanapilla, M. R
_9
4840
245
_a
Naliniyude anthardhanam
942
_c
BK
999
_c
16456
_d
16456